000 00711nam a22002177a 4500
005 20190320163757.0
008 190311b xxu||||| |||| 00| 0 eng d
020 _a9781462528769
_cRs.5448.00
040 _aLoreto College
041 _aEnglish
082 _a155.25
_bRYA
100 _aRyan,Richard M.
245 _aSelf-determination theory
_bBasic psychological needs in motivation, development, and wellness
_cRichard M.Ryan and Edward L.Deci
260 _aNew York
_bThe Guilford Press
_c2017
300 _axii,756p
_b26cm
504 _aIncludes bibliographical references and index
650 _aAutonomy (Psychology)
700 _4Auth
_aDeci,Edward L.
850 _aLCLIB
_bPsySemLib
942 _cBK
999 _c41993
_d92472